书目信息 |
| 题名: |
国际贸易实务
|
|
| 作者: | 黎孝先 主编 | |
| 分册: | ||
| 出版信息: | 北京 对外经济贸易大学出版社 2002.08 |
|
| 页数: | 338页 | |
| 开本: | 21cm | |
| 丛书名: | ||
| 单 册: | ||
| 中图分类: | F740.4 | |
| 科图分类: | ||
| 主题词: | 国际贸易--教材 | |
| 电子资源: | ||
| ISBN: | 7-81000-680-0 | |
| 000 | 00825nam0 2200265 450 | |
| 001 | 0104000024 | |
| 005 | 20051124115123.1 | |
| 010 | @a7-81000-680-0@dCNY18.00 | |
| 100 | @a20081126d2002 ekmy0chiy0120 ea | |
| 101 | 0 | @achi |
| 102 | @aCN@b110000 | |
| 105 | @aa z 000yy | |
| 106 | @ar | |
| 200 | 1 | @a国际贸易实务@AGuo Ji Mao Yi Shi Wu@f黎孝先主编@FLi Xiao Xian Zhu Bian |
| 205 | @a2版 | |
| 210 | @a北京@c对外经济贸易大学出版社@d2002.08 | |
| 215 | @a338页@c图@d21cm | |
| 306 | @a2003年第2次印刷 | |
| 330 | @a本书共12章, 其中包括国际贸易术语、国际货物买卖合同的主要内容, 进出口合同的商订、履行和违约教济, 以及国际贸易方式等。 | |
| 606 | 0 | @a国际贸易@j教材 |
| 690 | @aF740.4@v4 | |
| 701 | 0 | @a黎孝先@ALi Xiao Xian@4主编 |
| 801 | 0 | @aCN@bHTDF@c20081126 |
| 905 | @aBZT@dF740.4@e10@f10 | |
| 906 | @dCNY18.00@n0@r1 | |
| 国际贸易实务/黎孝先主编.-2版.-北京:对外经济贸易大学出版社,2002.08 |
| 338页:图;21cm |
| ISBN 7-81000-680-0:CNY18.00 |
| 本书共12章, 其中包括国际贸易术语、国际货物买卖合同的主要内容, 进出口合同的商订、履行和违约教济, 以及国际贸易方式等。 |
| ● |
| 相关链接 |
|
|
|
正题名:国际贸易实务
索取号:F740.4/10
 
预约/预借
| 序号 | 登录号 | 条形码 | 馆藏地/架位号 | 状态 | 备注 |
| 1 | 706302 | 2000706302 | 中心书库北库/ 北库037架B面4列1层32/ [索取号:F740.4/10] | 在馆 | |
| 2 | 706303 | 2000706303 | 中心书库北库/ 北库037架B面4列1层29/ [索取号:F740.4/10] | 在馆 | |
| 3 | 706304 | 2000706304 | 中心书库北库/ 北库037架B面4列1层28/ [索取号:F740.4/10] | 在馆 | |
| 4 | 706305 | 2000706305 | 中心书库北库/ 北库037架B面4列1层27/ [索取号:F740.4/10] | 在馆 | |
| 5 | 706306 | 2000706306 | 中心书库北库/ 北库037架B面4列1层26/ [索取号:F740.4/10] | 在馆 | |
| 6 | 706307 | 2000706307 | 中心书库北库/ 北库037架B面4列1层25/ [索取号:F740.4/10] | 在馆 | |
| 7 | 706308 | 2000706308 | 中心书库北库/ 北库037架B面4列1层30/ [索取号:F740.4/10] | 在馆 | |
| 8 | 706309 | 2000706309 | 中心书库北库/ 北库037架B面4列1层24/ [索取号:F740.4/10] | 在馆 | |
| 9 | 706310 | 2000706310 | 中心书库北库/ 北库037架B面4列1层23/ [索取号:F740.4/10] | 在馆 | |
| 10 | 706311 | 2000706311 | 中心书库北库/ 北库037架B面4列1层31/ [索取号:F740.4/10] | 在馆 |